[Event "RF-2021-0-00513"]
[Site "LSS email"]
[Date "2021.02.10"]
[Round "?"]
[White "Menu, Vincent"]
[Black "Wakeham, Marc R"]
[Result "0-1"]
[WhiteElo "1190"]
[BlackElo "1109"]
[PlyCount "38"]
[EventDate "2020.11.12"]
[EventType "tourn (corr)"]
[EventRounds "6"]
[EventCountry "GER"]
[SourceTitle "Corr 2022"]
[Source "ChessBase"]
[SourceDate "2021.10.24"]
[SourceVersion "1"]
[SourceVersionDate "2021.10.24"]
[SourceQuality "1"]

1. e4 c5 2. Nf3 d6 3. Bc4 Nf6 4. d3 Nc6 5. c3 e6 6. Be3 d5 7. exd5 exd5 8. Bb3 h6 9. 0-0 Bd6 10. d4 c4 11. Bc2 b5 12. Re1 0-0 13. Bd2 Bg4 14. a3 Qd7 15. Be3 Ne4 16. Nbd2 f5 17. Nxe4 fxe4 18. h3 Bxf3 19. gxf3 Qxh3 0-1

[Event "IECC CL0-2020.00 email"]
[Site "IECC email"]
[Date "2020.12.13"]
[Round "?"]
[White "Pehl, Ferenc"]
[Black "Wakeham, Marc R"]
[Result "0-1"]
[WhiteElo "1034"]
[BlackElo "1013"]
[PlyCount "70"]
[EventDate "2020.08.05"]
[EventType "tourn (corr)"]
[EventRounds "4"]
[SourceTitle "Corr 2022"]
[Source "ChessBase"]
[SourceDate "2021.10.24"]
[SourceVersion "1"]
[SourceVersionDate "2021.10.24"]
[SourceQuality "1"]

1. e4 c5 2. Nf3 d6 3. h3 Nf6 4. Nc3 e5 5. d3 h6 6. Be2 Nc6 7. 0-0 Be6 8. a3 Be7 9. Re1 0-0 10. Be3 Rc8 11. Qd2 b6 12. Nb5 d5 13. exd5 Nxd5 14. Nc3 Nxc3 15. Qxc3 Qc7 16. Qd2 f5 17. Qc1 Rcd8 18. b3 Bf6 19. Rb1 Qf7 20. Bf1 Bd5 21. Qd1 e4 22. Nh2 exd3 23. Bxd3 Ne5 24. Qe2 Nxd3 25. cxd3 Bxb3 26. Nf3 Rfe8 27. Qd2 Bd5 28. Qd1 Be4 29. Qb3 Rxd3 30. Qxf7+ Kxf7 31. Nd2 Rxa3 32. Nxe4 Rxe4 33. Kf1 c4 34. Rec1 Rb3 35. Rxb3 cxb3 0-1

[Event "IECC CL0-2020.00 email"]
[Site "IECC email"]
[Date "2020.12.07"]
[Round "?"]
[White "Gnuva, Luca"]
[Black "Wakeham, Marc R"]
[Result "0-1"]
[WhiteElo "1197"]
[BlackElo "1013"]
[PlyCount "56"]
[EventDate "2020.08.05"]
[EventType "tourn (corr)"]
[EventRounds "4"]
[SourceTitle "Corr 2022"]
[Source "ChessBase"]
[SourceDate "2021.10.24"]
[SourceVersion "1"]
[SourceVersionDate "2021.10.24"]
[SourceQuality "1"]

1. e4 c5 2. Nf3 d6 3. d4 cxd4 4. Nxd4 Nf6 5. Nc3 a6 6. Bg5 e6 7. f4 Qb6 8. a3 Nbd7 9. Nb3 Qc7 10. Qf3 Be7 11. 0-0-0 b5 12. Bd3 Rb8 13. Rhe1 b4 14. axb4 Rxb4 15. Kb1 h6 16. Bxf6 Bxf6 17. g4 Bxc3 18. bxc3 Qxc3 19. Be2 Qc7 20. Rd4 Rxd4 21. Nxd4 0-0 22. h4 Bb7 23. Nb3 Rc8 24. Rc1 Nc5 25. Nxc5 Qxc5 26. Bd3 Qb4+ 27. Ka1 Qa3+ 28. Kb1 Bd5 0-1

[Event "RN-2020-0-01597"]
[Site "LSS email"]
[Date "2020.09.01"]
[Round "?"]
[White "Wakeham, Marc R"]
[Black "Farr, Dorota"]
[Result "1/2-1/2"]
[WhiteElo "936"]
[BlackElo "800"]
[PlyCount "85"]
[EventDate "2020.03.25"]
[EventType "tourn (corr)"]
[EventRounds "6"]
[EventCountry "GER"]
[SourceTitle "Corr 2022"]
[Source "ChessBase"]
[SourceDate "2021.10.24"]
[SourceVersion "1"]
[SourceVersionDate "2021.10.24"]
[SourceQuality "1"]

1. e4 e5 2. Nf3 Nc6 3. Bc4 Bc5 4. c3 Nf6 5. d4 exd4 6. cxd4 Bb4+ 7. Bd2 Bxd2+ 8. Nbxd2 d5 9. exd5 Nxd5 10. Qb3 Na5 11. Qa4+ Nc6 12. 0-0 Be6 13. Ba6 Qb8 14. Ng5 0-0 15. Bd3 h6 16. Nxe6 fxe6 17. Nf3 Qe8 18. Be4 Ne5 19. Qb3 Nxf3+ 20. Bxf3 Rd8 21. Rac1 b6 22. Bxd5 Rxd5 23. Rxc7 Rf7 24. Rfc1 Rxd4 25. Rc8 Rd8 26. Rxd8 Qxd8 27. Qxe6 Qd2 28. Rc8+ Kh7 29. f3 Qd4+ 30. Kf1 Qd1+ 31. Kf2 Qd4+ 32. Kg3 Rf6 33. Qg8+ Kg6 34. Qc4 Qe5+ 35. Kh3 Qh5+ 36. Qh4 Qd5 37. Rc4 Rd6 38. Rg4+ Kf7 39. Rf4+ Kg8 40. Qe7 Qh5+ 41. Rh4 Qf5+ 42. Kg3 Rg6+ 43. Rg4 1/2-1/2

[Event "OP-2020-0-04959"]
[Site "LSS email"]
[Date "2020.04.16"]
[Round "?"]
[White "Malewicz, Frank"]
[Black "Wakeham, Marc R"]
[Result "1/2-1/2"]
[WhiteElo "2128"]
[BlackElo "795"]
[PlyCount "71"]
[EventDate "2020.04.13"]
[EventType "tourn (corr)"]
[EventRounds "4"]
[EventCountry "GER"]
[SourceTitle "Corr 2022"]
[Source "ChessBase"]
[SourceDate "2021.10.24"]
[SourceVersion "1"]
[SourceVersionDate "2021.10.24"]
[SourceQuality "1"]

1. c4 e5 2. g3 Nf6 3. Bg2 d5 4. cxd5 Nxd5 5. Nf3 Nc6 6. 0-0 Nb6 7. d3 Bg4 8. h3 Be6 9. a4 Bb4 10. Ng5 Bd7 11. Nc3 0-0 12. Be3 a5 13. Kh2 h6 14. Nge4 f5 15. Nc5 f4 16. Nxd7 Nxd7 17. Bc1 Nc5 18. Ne4 Kh8 19. Rb1 Qe7 20. Nxc5 fxg3+ 21. Kxg3 Bxc5 22. Be4 Nd8 23. Bd2 Rf6 24. Kh2 Ne6 25. f3 Raf8 26. Qe1 Bb4 27. Bxb4 axb4 28. Bxb7 Qd7 29. Be4 Nf4 30. Rf2 Nxh3 31. Rg2 Nf4 32. Rg4 Qxa4 33. Rc1 Qd7 34. Kh1 Rc8 35. Rh4 c5 36. Rh2 1/2-1/2

[Event "SN-2019-0-00969"]
[Site "LSS email"]
[Date "2019.04.19"]
[Round "?"]
[White "Digiglio, Rafael"]
[Black "Wakeham, Marc R"]
[Result "1/2-1/2"]
[WhiteElo "585"]
[BlackElo "777"]
[PlyCount "57"]
[EventDate "2019.03.22"]
[EventType "tourn (corr)"]
[EventRounds "6"]
[EventCountry "GER"]
[SourceTitle "Corr 2022"]
[Source "ChessBase"]
[SourceDate "2021.10.24"]
[SourceVersion "1"]
[SourceVersionDate "2021.10.24"]
[SourceQuality "1"]

1. Nf3 Nf6 2. Nc3 g6 3. d4 Bg7 4. e4 d6 5. e5 dxe5 6. dxe5 Qxd1+ 7. Nxd1 Nd5 8. c3 0-0 9. Bc4 Nb6 10. Bb5 Bg4 11. Be2 Nc6 12. h3 Be6 13. Bf4 Nd5 14. Bh2 Rfd8 15. Ne3 Nxe3 16. fxe3 Rd7 17. 0-0 Nxe5 18. Ng5 Rad8 19. Nxe6 fxe6 20. Rad1 Rxd1 21. Rxd1 Rxd1+ 22. Bxd1 c6 23. b3 Nd3 24. Bc2 Nc5 25. c4 Kf7 26. g4 Nd7 27. e4 Bd4+ 28. Kg2 e5 29. Bg1 1/2-1/2

[Event "OP-2019-0-04767"]
[Site "LSS email"]
[Date "2019.04.17"]
[Round "?"]
[White "Tarasov, Grigoriy"]
[Black "Wakeham, Marc R"]
[Result "1-0"]
[WhiteElo "2215"]
[BlackElo "760"]
[PlyCount "69"]
[EventDate "2019.04.10"]
[EventType "tourn (corr)"]
[EventRounds "4"]
[EventCountry "GER"]
[SourceTitle "Corr 2022"]
[Source "ChessBase"]
[SourceDate "2021.10.24"]
[SourceVersion "1"]
[SourceVersionDate "2021.10.24"]
[SourceQuality "1"]

1. c4 Nf6 2. Nc3 g6 3. e4 d6 4. d4 Bg7 5. Nf3 0-0 6. Be2 c5 7. 0-0 Bg4 8. d5 a6 9. a4 Nbd7 10. Bf4 Nh5 11. Be3 Nhf6 12. h3 Bxf3 13. Bxf3 Ne5 14. Be2 Ne8 15. f4 Nd7 16. Qd2 Nc7 17. Rad1 Nb6 18. a5 Nd7 19. Na4 Qb8 20. b4 b5 21. axb6 Nxb6 22. Nxb6 Qxb6 23. bxc5 dxc5 24. Rb1 Qd6 25. e5 Qd8 26. Bxc5 Re8 27. Bb6 Qc8 28. Qa5 Nxd5 29. Qxd5 e6 30. Qa5 Re7 31. Bf3 Rb8 32. c5 f6 33. Rbd1 Rd7 34. c6 Rxd1 35. Rxd1 1-0